| 000 | 01311nam a2200325 a 4500 | ||
|---|---|---|---|
| 001 | ebr10542575 | ||
| 003 | CaPaEBR | ||
| 006 | m u | ||
| 007 | cr cn||||||||| | ||
| 008 | 120104s2012 enka sb 001 0 eng d | ||
| 010 | _z 2011046434 | ||
| 020 | _z9780470665176 | ||
| 020 | _z9781119941323 (e-book) | ||
| 040 |
_aCaPaEBR _cCaPaEBR |
||
| 035 | _a(OCoLC)781629782 | ||
| 050 | 1 | 4 |
_aTK5103.452 _b.G49 2012eb |
| 082 | 0 | 4 |
_a621.385/1 _223 |
| 100 | 1 | _aGhafouri-Shiraz, H. | |
| 245 | 1 | 0 |
_aOptical CDMA networks _h[electronic resource] : _bprinciples, analysis and applications / _cHooshang Ghafouri-Shiraz, M. Massoud Karbassian. |
| 260 |
_aChichester [England] ; _aHoboken, N.J. : _bWiley, _c2012. |
||
| 300 |
_axxxi, 398 p. : _bill. |
||
| 504 | _aIncludes bibliographical references and index. | ||
| 533 |
_aElectronic reproduction. _bPalo Alto, Calif. : _cebrary, _d2011. _nAvailable via World Wide Web. _nAccess may be limited to ebrary affiliated libraries. |
||
| 650 | 0 | _aCode division multiple access. | |
| 650 | 0 | _aOptical fiber communication. | |
| 655 | 7 |
_aElectronic books. _2local |
|
| 700 | 1 | _aKarbassian, M. Massoud. | |
| 710 | 2 | _aebrary, Inc. | |
| 856 | 4 | 0 |
_uhttp://site.ebrary.com/lib/rucke/Doc?id=10542575 _zAn electronic book accessible through the World Wide Web; click to view |
| 999 |
_c135834 _d135834 |
||